00581nmm a2200181Ia 4500008004100000041000800041100002400049245009500073264005100168300001800219490001100237650003000248700002400278700002100302856005200323942000700375999001700382251105s9999||||xx |||||||||||||||||und|| aspa aColl-Planas, Gerard 0aEl género desordenado :b Críticas en torno a la patologización de la transexualidad a[Madrid, España] :bEditorial Egales, c2018 a286 páginas aEnsayo aSocial Sciences (General) aColl-Planas, Gerard1 a Missé, Miquel uhttps://public.digitaliapublishing.com/a/163269 cCF c64101d64101